00662nam a2200145 a 4500008004100000050001100041100002000052245005600072246007900128260009100207350000900298995007800307999001700385952011400402120416s2003 ||||||||||||||||| || u aTHESIS aSendoi, Gadzika14aThe tendering process of World Bank Funded Projects aan application of method study to the health sector support project (HSSP) aKitwebCopperbelt Univesity, School of Built Envoronment, Department of Buildingc2003 a0.00 D0.00FCBU-MAIN LIBRARY (Kitwe)H1I0.00UAVAILABLEZUniversity Collection c59637d59637 00102lcc4070a001b001cUniversity Collectiond2022-11-30l0oTHESISp9017127r2022-11-30w2022-11-30y002